|
|
|
|
| LEADER |
00000nam0a2200000 4500 |
| 001 |
258881 |
| 005 |
20231101233332.0 |
| 035 |
|
|
|a (RuTPU)RU\TPU\book\281771
|
| 090 |
|
|
|a 258881
|
| 100 |
|
|
|a 20140429d1987 k y0rusy50 ca
|
| 101 |
0 |
|
|a rus
|
| 102 |
|
|
|a RU
|
| 105 |
|
|
|a a z 001zy
|
| 200 |
1 |
|
|a Краевые задачи в областях с криволинейной границей
|f В. И. Власов
|g Академия наук СССР (АН СССР), Вычислительный центр
|
| 210 |
|
|
|a Москва
|c ВЦ АН СССР
|d 1987
|
| 215 |
|
|
|a 272 с.
|c ил.
|
| 320 |
|
|
|a Библиогр.: с. 263-269.
|
| 606 |
1 |
|
|a Краевые задачи
|2 stltpush
|3 (RuTPU)RU\TPU\subj\71464
|9 85364
|
| 610 |
1 |
|
|a криволинейные интегралы
|
| 610 |
1 |
|
|a уравнения Лапласа
|
| 610 |
1 |
|
|a уравнения Пуассона
|
| 610 |
1 |
|
|a теория пространства
|
| 675 |
|
|
|a 517.95
|v 3
|
| 700 |
|
1 |
|a Власов
|b В. И.
|
| 712 |
0 |
2 |
|a Академия наук СССР (АН СССР)
|b Вычислительный центр
|2 stltpush
|3 (RuTPU)RU\TPU\col\11481
|
| 801 |
|
1 |
|a RU
|b 63413507
|c 20140429
|
| 801 |
|
2 |
|a RU
|b 63413507
|c 20141113
|g RCR
|
| 942 |
|
|
|c BK
|